Remanentes, excedentes y tributación de las cooperativas

Guardat en:
Dades bibliogràfiques
Autor principal: Román Rodríguez, Juan Pablo
Format: Llibre
Idioma:espanyol
Publicat: Santiago, Chile Thomson Reuters, Legal Publishing 2019
Edició:Primera edición
Col·lecció:Monografías
Matèries:
Etiquetes: Afegir etiqueta
Sense etiquetes, Sigues el primer a etiquetar aquest registre!

MARC

LEADER 00000cam a2200000 a 4500
001 UCC8466
003 CL-VaPUC
005 20250117145330.0
008 190705e20190000cl |||||||||||||||||spa|d
999 |c 374793  |d 374791 
020 |a 9789564000480 
040 |c Pontificia Universidad Católica de Valparaíso 
082 0 |a 346.066 ROM 2019  |2 21 
100 1 |a Román Rodríguez, Juan Pablo  |9 603149 
245 1 0 |a Remanentes, excedentes y tributación de las cooperativas 
250 |a Primera edición 
260 3 |a Santiago, Chile   |b Thomson Reuters,   |b Legal Publishing  |c 2019 
300 |a 92 páginas  
440 |a Monografías  |9 856527 
505 0 |a Capítulo I. Remanentes y excedentes Capítulo II. El autobeneficio del socio de una cooperativa. Capítulo III. Consideraciones de orden tributario con relación a los remanentes, excedentes y a los socios de una cooperativa. 
583 |a last modification  |c 20190705 13:21:00  |k Rodrigo Vera 
650 0 |a Cooperativas  |9 319869 
650 0 |a Derecho y legislación   |9 255077 
650 7 |2 TRIBUTACION 
650 0 |a Derecho tributario  |9 258895 
852 |a BIBCUR 
942 |c BK  |2 ddc 
945 |d 20190705 13:21:00  |a dcastane 
952 |0 0  |1 0  |2 ddc  |3 erb  |4 0  |6 346_066000000000000_COM_2019  |7 0  |8 A  |9 493509  |a BIBDER  |b BIBDER  |d 2019-07-03  |e 31  |i 5554888  |l 3  |m 1  |o 346.066 COM 2019  |p 5554888  |r 2024-09-06  |s 2024-08-30  |t 4  |w 2019-11-24  |y BK  |z Catalogado en:20190705  |k COM 
952 |0 0  |1 0  |2 ddc  |4 0  |6 346_066000000000000_COM_2019  |7 0  |8 A  |9 495949  |a BIBGIM  |b BIBGIM  |d 2020-01-10  |e 22  |g 12000.00  |i 5572452  |o 346.066 COM 2019  |p 5572452  |r 2025-01-15  |t 2  |v 12000.00  |w 2020-01-10  |y BK  |k COM 
952 |0 0  |1 0  |2 ddc  |4 0  |6 346_066000000000000_COM_2019  |7 0  |8 A  |9 495950  |a BIBGIM  |b BIBGIM  |d 2020-01-10  |e 22  |g 12000.00  |i 5572444  |l 1  |o 346.066 COM 2019  |p 5572444  |r 2025-01-15  |s 2020-01-22  |t 1  |v 12000.00  |w 2020-01-10  |y BK  |k COM 
952 |0 0  |1 0  |2 ddc  |4 0  |6 346_066000000000000_COM_2019  |7 0  |8 A  |9 495951  |a BIBGIM  |b BIBGIM  |d 2020-01-10  |e 22  |g 12000.00  |i 5572460  |o 346.066 COM 2019  |p 5572460  |r 2025-01-15  |t 3  |v 12000.00  |w 2020-01-10  |y BK  |k COM